| 000 | 00459nam a2200181Ia 4500 | ||
|---|---|---|---|
| 008 | 100920s9999 xx 000 0 und d | ||
| 082 |
_b104046 _a11 न 07 |
||
| 100 | _aRAY S IHNARAYAN. | ||
| 245 | _aRADICALLIISM. | ||
| 260 |
_bRADIANCE KOLKATTA. _c2007 |
||
| 300 |
_a175 _bसाधी |
||
| 365 | _b200 | ||
| 520 | _aएच.पी.बी. | ||
| 630 | _aRADICALLIISM. | ||
| 650 | _aएच.पी.बी. | ||
| 730 | _aRADICALLIISM. | ||
| 942 | _cBOOK | ||
| 999 |
_c744478 _d744475 |
||